000 00367nam a2200145Ia 4500
008 230917s9999||||xx |||||||||||||| ||und||
040 _e199965
_aMAIN
041 _aEnglish
082 _a514 G621B
100 _aGoodman, Sue E
245 0 _aBeginning topology
260 _aProvidence
_bAmerican Mathematical Society
_c2012
300 _axiii, 236 p.
942 _cBK
999 _c165788
_d165788